Objav sám seba

Bibliographic Details
Main Author: Klein, Mavis (Author)
Other Authors: Dobšovič, Matúš (Translator)
Format: Book
Language:Slovak
English
PhysicalDescription:158 strán ilustrácie, tabuľky 22 cm
Published: Dlhá nad Váhom PsychoConsulta - Ľudovít Dobšovič & Lívia Loszi vo vlastnom náklade 2016
ISBN:9788097302917
Subjects:

MARC

LEADER 00000nam a2200000 4500
001 vtls011756182
003 SK-MaSNL
005 20260301222956.0
008 200316s2016 xo al g n 000 0 slo
015 |a SNBA2018/06 
020 |a 9788097302917  |q (viazané)  |z 8096798065 
035 |a urn:nbn:sk:snk-am00dhm2 
035 |a urn:nbn:sk:snk-am3i2js 
035 |a 7616159B-86AF-43D5-B302-49CB6D1A9E32 
040 |a SNK  |b slo  |c SNK  |e rda 
041 1 |a slo  |h eng 
044 |a xo  |c SK 
072 7 |a 159.92  |x Vývinová psychológia. Psychológia osobnosti  |2 konspekt 
080 |a 159.923  |2 2011 
080 |a 165.242.1  |2 2011 
080 |a (048.8)  |2 2011 
100 1 |a Klein, Mavis  |4 aut  |9 613348 
240 1 0 |a Discover Your Real Self  |l Slovensky 
245 1 0 |a Objav sám seba  |c Mavis Klein ; z anglického originálu Discover Your Real Self preložil ... Matúš Dobšovič 
264 1 |a Dlhá nad Váhom  |b PsychoConsulta - Ľudovít Dobšovič & Lívia Loszi vo vlastnom náklade  |c 2016 
300 |a 158 strán  |b ilustrácie, tabuľky  |c 22 cm 
336 |a text  |b txt  |2 rdacontent 
337 |a bez média  |b n  |2 rdamedia 
338 |a zväzok  |b nc  |2 rdacarrier 
504 |a Bibliografia na strane 158 
650 0 7 |a psychológia osobnosti  |2 SNKPH  |9 3576 
650 0 7 |a Psychology of personality  |2 SNKPHeng  |9 317296 
650 0 7 |a sebapoznanie  |2 SNKPH  |9 4292 
650 0 7 |a Self-consciousness  |2 SNKPHeng  |9 281701 
655 7 |a monografie  |2 SNKPH  |9 70139 
655 7 |a Monographs  |2 SNKPHeng  |9 120675 
700 1 |a Dobšovič, Matúš  |4 trl  |9 298152 
919 |a 978-80-973029-1-7 
958 |a NB 
958 |a OP 
968 |b ENG 
999 |c 941713  |d 943643 
952 |a SNK  |b SNK  |y PREZ  |7 0  |p 17A1324232  |o snkSC 179463  |i snk2018/10444  |8 0  |0 0  |1 0  |4 0  |d 2018-05-15  |f 1  |l 0  |r 2026-02-24 09:21:42  |w 2026-02-24 
952 |a SNK  |b SNK  |y VYP  |7 0  |p 17A1324233  |o snkSC 179463 D1  |i snk2018/10445  |8 0  |0 0  |1 0  |4 0  |d 2018-05-15  |l 0  |r 2026-02-24 09:21:42  |w 2026-02-24